<The> Concept of state terrorism in relation to Iran

Definícia štátneho terorizmu a jeho typológia. Analýza angažovanosti vlády Iránu v domácich a medzinárodných ochranných a podporných intervenciách.

Saved in:
Bibliographic Details
Main Author: Kraus, Josef
Format: Book Chapter
Language:English
Subjects:
Tags: Add Tag
No Tags, Be the first to tag this record!

MARC

LEADER 00000naa a2200000 4500
001 0220150
005 20221019173734.5
041 0 |a eng 
044 |a SK 
245 1 0 |a <The> Concept of state terrorism in relation to Iran  |c Josef Kraus 
520 |a Definícia štátneho terorizmu a jeho typológia. Analýza angažovanosti vlády Iránu v domácich a medzinárodných ochranných a podporných intervenciách. 
610 2 0 |a Irán 
610 2 0 |a terorizmus 
610 2 0 |a Stredný východ 
610 2 0 |a sponzorovanie 
100 1 |a Kraus, Josef